000 00702nam a2200241Ia 4500
003 OSt
005 20220918230638.0
006 a|||||r|||| 00| 0
007 ta
008 220917b |||||||| |||| 00| 0 eng d
024 _a256,826
037 _cTextual
040 _aARTS
_cARTS
_beng
041 _2eng
_aeng
082 _aX9B:9.657.N7, L7
100 _aSteel William F
_9152984
245 0 _aSmall-scale employment and production in developing countries
_b evidence form Ghana
260 _aNew York
_bPraeger Publishers
_c1977
300 _axvii,200p.
_ccm.
650 _aECONOMICS
942 _hX9B:9.657.N7, L7
_cTEXL
_2CC
999 _c288578
_d288578